000
00277nam a2200121Ia 4500
005
20251222142000.0
008
251222s9999||||xx |||||||||||||| ||spa||
082
_a
838.94/M22D
100
_a
Mann, Thomas
245
0
_a
Doktor Faustus
264
_b
Arte y Literatura
942
_c
LIB
999
_c
9973
_d
9973